书目信息 |
| 题名: |
零基础入门学习思维导图
|
|
| 作者: | 温大阿钱 著 | |
| 分册: | ||
| 出版信息: | 北京 清华大学出版社 2019 |
|
| 页数: | 285页 | |
| 开本: | 26cm | |
| 丛书名: | ||
| 单 册: | ||
| 中图分类: | B80-49 | |
| 科图分类: | ||
| 主题词: | 思维方法--si wei fang fa--通俗读物 | |
| 电子资源: | ||
| ISBN: | 978-7-302-52056-6 | |
| 000 | 01097nam0 2200265 45 | |
| 001 | 438722 | |
| 005 | 20140102084701.0 | |
| 010 | @a978-7-302-52056-6@dCNY79.80 | |
| 099 | @aCAL 012019059524 | |
| 100 | @a20190508d2019 em y0chiy50 ea | |
| 101 | 0 | @achi |
| 102 | @aCN@b110000 | |
| 105 | @aak a 000yy | |
| 106 | @ar | |
| 200 | 1 | @a零基础入门学习思维导图@Aling ji chu ru men xue xi si wei dao tu@e提升个人效能@f温大阿钱著 |
| 210 | @a北京@c清华大学出版社@d2019 | |
| 215 | @a285页@c图@d26cm | |
| 320 | @a有书目 (第282页) | |
| 330 | @a本书结合大量案例和作者教学活动的心得体会,以实践运用为主,系统讲解了思维导图是什么、有什么用、怎么画、怎么用和怎么学。重点在“怎么画”和“怎么用”两部分,亮点是“怎么学”和“心法”。本书具有六个鲜明的特点: 一学就会、案例丰富、视野开阔、逻辑严谨、实用性强、哲理性强。读者能够快速学会思维导图,提升自己的效能。 | |
| 517 | 1 | @a提升个人效能@Ati sheng ge ren xiao neng |
| 606 | 0 | @a思维方法@Asi wei fang fa@j通俗读物 |
| 690 | @aB80-49@v5 | |
| 701 | 0 | @a温大阿钱@Awen da a qian@4著 |
| 801 | 0 | @aCN@b上海新华@c20191020 |
| 905 | @b1186175-8@dB80-49@e142@f4 | |
| 零基础入门学习思维导图:提升个人效能/温大阿钱著.-北京:清华大学出版社,2019 |
| 285页:图;26cm |
| ISBN 978-7-302-52056-6:CNY79.80 |
| 本书结合大量案例和作者教学活动的心得体会,以实践运用为主,系统讲解了思维导图是什么、有什么用、怎么画、怎么用和怎么学。重点在“怎么画”和“怎么用”两部分,亮点是“怎么学”和“心法”。本书具有六个鲜明的特点: 一学就会、案例丰富、视野开阔、逻辑严谨、实用性强、哲理性强。读者能够快速学会思维导图,提升自己的效能。 |
| ● |
| 相关链接 |
|
|
|
|
正题名:零基础入门学习思维导图
索取号:B80-49/142
 
预约/预借
| 序号 | 登录号 | 条形码 | 馆藏地/架位号 | 状态 | 备注 |
| 1 | 1186175 | 211861751 | 第一样本阅览室/ [索取号:B80-49/142] | 在馆 | |
| 2 | 1186176 | 211861760 | 第一借阅区/ [索取号:B80-49/142] | 在馆 | |
| 3 | 1186177 | 211861779 | 第一借阅区/ [索取号:B80-49/142] | 在馆 | |
| 4 | 1186178 | 211861788 | 第一借阅区/ [索取号:B80-49/142] | 在馆 |